| 000 | 00484nam a2200145 a 4500 | ||
|---|---|---|---|
| 001 | 000033104 | ||
| 005 | 20200930070030.0 | ||
| 008 | 110817s20uu sp 000 spa d | ||
| 020 | _a8460572196 | ||
| 040 |
_aDO-SdBNP _bspa _cBNPHU |
||
| 245 | 0 | 0 |
_aPor la escuela pública : _bhomenaje a Mariano Pérez Galán. |
| 260 |
_aMadrid, España : _bFundación Educativa y Asistencial cives, _c[200?]. |
||
| 300 |
_a353 p. ; _c25 cm. |
||
| 710 | 2 |
_aFundación Educativa y Asistencial cives, _958775 |
|
| 999 |
_c32595 _d32595 |
||